Statistics for Scientific Names

Click here to take the quiz!

General Stats

  • This quiz has been taken 58,713 times
    (33,498 since last reset)
  • The average score is 13 of 20

Answer Stats

Scientific NameHintCommon Name% Correct
Homo sapiensAnimalHuman
99%
Panthera leoAnimalLion
89%
Canis lupus familiarisAnimalDog
87%
Sodium chlorideSubstanceSalt
87%
SARS-CoV-2VirusCovid-19
85%
Equus ferus caballusAnimalHorse
79%
Aurora borealisPhenomenonNorthern lights
78%
AvesClass of animalBirds
73%
MandibleBody partJaw bone
72%
Bovine spongiform
encephalopathy
Disease
Mad Cow
disease
63%
ClavicleBody partCollarbone
57%
PatellaBody partKneecap
57%
Ursus maritimusAnimalPolar bear
54%
PolarisCelestial objectNorth Star
52%
LeukocyteBody partWhite blood cell
48%
Equus quaggaAnimalZebra
47%
CorvusGenus of animalCrow / raven
35%
L-ascorbic AcidSubstanceVitamin C
34%
Vitis viniferaEdible plantGrape
33%
Pan troglodytesAnimalChimpanzee
21%

Score Distribution

Percentile by Number Answered

Percent of People with Each Score

Your Score History

You have not taken this quiz since the last reset